Songs with National Parks in the Lyrics - Statistics

General Stats
  • This quiz has been taken 63 times
  • The average score is 7 of 15
Answer Stats
Artist Song Lyrics % Correct
John Denver _____ ________ High The Colorado {Rocky} {Mountain} high / I've seen it rainin' fire in the sky
88%
John Denver Take Me Home, Country Roads Almost heaven, West Virginia / Blue Ridge Mountains, {Shenandoah} River
66%
Woody Guthrie This Land is Your Land From the California to the New York island / From the {Redwood} forest, to the gulf stream waters
66%
Bob Marley Iron Lion ___ I had to run like a fugitive just to save the life I live / I'm gonna be iron like a lion in {Zion}
56%
Bob Dylan __________ Oh, {Shenandoah}, I long to hear you / Look away, you rolling river
46%
Van Morrison _______ Tree Oh {Redwood} tree / Please let us under / when we were young we used to go / under the {Redwood} tree
44%
Red Hot Chili Peppers Dani California North Dakota man / Wasn't gunnin' for the quota / Down in the {Badlands} she was saving the best for last
40%
Joey Bada$$ Babylon As fast as I can to Mount {Zion} / I'm running away, I'm running away
38%
George Strait How 'Bout Them Cowgirls I've criss-crossed down to Key {Biscayne} / and Chi-Town via Bangor, Maine
36%
Randy Newman Burn On There's a red moon rising / On the {Cuyahoga} river / Rolling into Cleveland to the lake
36%
The Wind and the Wave _____ ______ Don't die, you're just a baby, yeah you're way too young / You haven't lived till you've been to the {Grand} {Canyon}
34%
Joe Walsh _____ ________ Way Spent last year / {Rocky} {Mountain} way / Couldn't get much higher
34%
Muse Supermassive Black Hole {Glacier}s melting in the dead of night / And the superstars sucked into the supermassive
26%
Flanagan and Allen Underneath the _____ Underneath the {Arches} / We dream our dreams away / Underneath the {Arches} on cobblestones we lay
20%
Led Zeppelin Immigrant Song We come from the land of ice and snow / Of the midnight sun where the {Hot} {Springs} flow
20%
No matching quizzes found
Score Distribution
Percent of People with Each Score
Percentile by Number Answered
Your Score History
You have not taken this quiz